Datum a čas kvízu
35
Celkem bodů
Celkový počet nahraných bodů na tomto kvízu bez doplňovacích otázek.
5.
Pořadí na kvízu
Konečné umístění týmu na tomto kvízu.
Zaznamenané odpovědi
| # | Otázka | Odpověď | Body | Výsledky |
|---|---|---|---|---|
| 1. | Žena jednoho bývalého českého... | Petr Nečas | 1 | |
| 2. | Britský soud v pátek poslal do... | C) funkční splachovací záchod | 1 | |
| 3. | V sobotu v rámci 30. ročníku f... | ostříhat vlasy | 0 | |
| 4. | Mediální skupina Mafra ve čtvr... | Ticketportal | 1 | |
| 5. | Na turnaji Oktagon 72 v pražsk... | Patrik Kincl; Machmud Muradov | 0 | |
| 6. | Toto téma začneme prostě, a to... | Mantikora (Mantichora) | 0 | |
| 7. | Termínem Jókai (Yōkai) se ozna... | D | 1 | |
| 8. | V roce 2009 byl Rodinným autem... | Škoda Yeti | 1 | |
| 9. | V této otázce bude vaším úkole... | 1A 2D 3B 4C | 1 | |
| 10. | Na závěr jedno české mytologic... | Blaník | 0 |